| 000 | 00880nam a2200253 a 4500 | ||
|---|---|---|---|
| 001 | 49976 | ||
| 003 | BD-RjUL | ||
| 005 | 20211209075435.0 | ||
| 008 | 160823s2000 ii a b 001 0 eng | ||
| 020 | _a8176481475 | ||
| 035 | _a(BD-RjUL)50096 | ||
| 040 |
_aDLC _cDLC _dIXA _dBD-RjUL _beng |
||
| 041 | _aeng | ||
| 082 |
_223 _a342.540873 _bPAS 2000 |
||
| 100 | 1 |
_aPandey, Bhrigu Nath _9149774 |
|
| 245 | 1 | 0 |
_aSocio-legal study of cultural and educational rights of the minorities / _cBhrigu Nath Pandey |
| 260 |
_aNew Delhi : _bA.P.H. Pub. Corp., _c2000. |
||
| 300 |
_axviii, 322 p. : _bill ; _c23 cm. |
||
| 504 | _aIncludes bibliographical references (p. [307]-312) and index. | ||
| 650 | 0 |
_aMinorities _xLegal status, laws, etc. _zIndia. _9128374 |
|
| 650 | 0 |
_aMinorities _zIndia _xSocial conditions. _9149775 |
|
| 650 | 0 |
_aMinorities _xEducation _zIndia. _9149776 |
|
| 942 |
_2ddc _cBK |
||
| 999 |
_c49976 _d49976 |
||